Đặc điểm ngôn ngữ thơ Phan Thị Thanh Nhàn Luận văn thạc sĩ Ngữ Văn. Chuyên ngành: Ngôn ngữ Việt Nam . Mã số: 8 22 01 02

Tallennettuna:
Bibliografiset tiedot
Päätekijä: Lê, Văn Nửa
Muut tekijät: Lê, Hương Giang (Hướng dẫn)
Aineistotyyppi: Kokoelma Kirja
Kieli:Vietnamese
Julkaistu: Đồng Tháp Đại học Đồng Tháp 2018
Aiheet:
Tagit: Lisää tagi
Ei tageja, Lisää ensimmäinen tagi!
Thư viện lưu trữ: Trung tâm Học liệu Lê Vũ Hùng, Trường Đại học Đồng Tháp
LEADER 01078ppm a22002538a 4500
001 00043219
005 20181115081146.0
008 170627s2017 ||||||viesd
041 0 # |a vie 
082 1 4 |b Đ113Đ  |a 895.922 100 9 
100 1 # |a Lê, Văn Nửa 
245 0 0 |a Đặc điểm ngôn ngữ thơ Phan Thị Thanh Nhàn  |b Luận văn thạc sĩ Ngữ Văn. Chuyên ngành: Ngôn ngữ Việt Nam . Mã số: 8 22 01 02  |c Lê Văn Nửa ;Lê Hương Giang (hướng dẫn) 
260 # # |a Đồng Tháp  |b Đại học Đồng Tháp  |c 2018 
300 # # |a 99 tr.  |c 30 cm. 
500 # # |a ĐTTS ghi: Bộ giáo dục và đào tạo. Trường Đại học Đồng tháp 
653 # # |a Luận Văn 
653 # # |a Văn học Việt Nam 
653 # # |a Việt Nam 
653 # # |a Ngôn ngữ 
653 # # |a Thơ 
700 1 # |a Lê, Hương Giang  |e Hướng dẫn 
852 # # |j LV.0001888  |j LV.0001991 
910 0 # |d 15/11/2018 
980 # # |a Trung tâm Học liệu Lê Vũ Hùng, Trường Đại học Đồng Tháp